Name Puzzle: World Cities - Statistics

General Stats
  • This quiz has been taken 27 times
  • The average score is 14 of 15
Answer Stats
Words Answer % Correct
Pair+Is Paris
100%
Hamster+Dam Amsterdam
96%
Cape+Tow Cape Town
96%
Ham+Bird Hamburg
96%
Honk+On Hong Kong
96%
Melt+Born Melbourne
96%
Moss+Cow Moscow
96%
Mom+Bay Mumbai
96%
O+Sack+A Osaka
96%
Loan+Done London
92%
All+Slow Oslo
92%
Provide+Dance Providence
92%
Vanilla Manila
88%
Otter+Dam Rotterdam
88%
See+Old Seoul
80%
No matching quizzes found
Score Distribution
Percent of People with Each Score
Percentile by Number Answered
Your Score History
You have not taken this quiz